header

Project management that works (Record no. 8547)

MARC details
000 -LEADER
fixed length control field 01315nam a2200313 a 4500
001 - CONTROL NUMBER
control field ebr10271792
003 - CONTROL NUMBER IDENTIFIER
control field CaPaEBR
006 - FIXED-LENGTH DATA ELEMENTS--ADDITIONAL MATERIAL CHARACTERISTICS--GENERAL INFORMATION
fixed length control field m u
007 - PHYSICAL DESCRIPTION FIXED FIELD--GENERAL INFORMATION
fixed length control field cr cn|||||||||
008 - FIXED-LENGTH DATA ELEMENTS--GENERAL INFORMATION
fixed length control field 080313s2008 nyua s 001 0 eng
010 ## - LIBRARY OF CONGRESS CONTROL NUMBER
Canceled/invalid LC control number 2008011895
020 ## - INTERNATIONAL STANDARD BOOK NUMBER
Cancelled/invalid ISBN 9780814409886 (hardcover)
Cancelled/invalid ISBN 0814409881 (hardcover)
040 ## - CATALOGING SOURCE
Original cataloging agency CaPaEBR
Transcribing agency CaPaEBR
035 ## - SYSTEM CONTROL NUMBER
System control number (OCoLC)275130705
050 14 - LIBRARY OF CONGRESS CALL NUMBER
Classification number HD69.P75
Item number M6743 2008eb
082 04 - DEWEY DECIMAL CLASSIFICATION NUMBER
Classification number 658.4/04
Edition number 22
100 1# - MAIN ENTRY--PERSONAL NAME
Personal name Morris, Rick A.,
Dates associated with a name 1972-
245 10 - TITLE STATEMENT
Title Project management that works
Medium [electronic resource] :
Remainder of title real-world advice on communicating, problem solving, and everything else you need to know to get the job done /
Statement of responsibility, etc Rick A. Morris with Brette McWhorter Sember.
260 ## - PUBLICATION, DISTRIBUTION, ETC. (IMPRINT)
Place of publication, distribution, etc New York :
Name of publisher, distributor, etc American Management Association,
Date of publication, distribution, etc c2008.
300 ## - PHYSICAL DESCRIPTION
Extent xx, 219 p. :
Other physical details ill.
500 ## - GENERAL NOTE
General note Includes index.
533 ## - REPRODUCTION NOTE
Type of reproduction Electronic reproduction.
Place of reproduction Palo Alto, Calif. :
Agency responsible for reproduction ebrary,
Date of reproduction 2013.
Note about reproduction Available via World Wide Web.
-- Access may be limited to ebrary affiliated libraries.
650 #0 - SUBJECT ADDED ENTRY--TOPICAL TERM
Topical term or geographic name as entry element Project management.
655 #7 - INDEX TERM--GENRE/FORM
Genre/form data or focus term Electronic books.
Source of term local
700 1# - ADDED ENTRY--PERSONAL NAME
Personal name Sember, Brette McWhorter,
Dates associated with a name 1968-
710 2# - ADDED ENTRY--CORPORATE NAME
Corporate name or jurisdiction name as entry element ebrary, Inc.
856 40 - ELECTRONIC LOCATION AND ACCESS
Uniform Resource Identifier <a href="http://site.ebrary.com/lib/rucke/Doc?id=10271792">http://site.ebrary.com/lib/rucke/Doc?id=10271792</a>
Public note An electronic book accessible through the World Wide Web; click to view

No items available.

© 2026 Rongo University
Contact us: librarian | system librarian | Rongo university